000 02295nam a22002297a 4500
003 OSt
005 20250709105811.0
008 250709b |||||||| |||| 00| 0 eng d
020 _a9780241700440
040 _ctbs
041 _aEnglish
245 _aIt's not summer without you
_c/ Jenny Han ; retold by Madeleine Burgess ; illustrated by Jieting Chen.
260 _aDublin : Penguin Books Ltd. 2025
300 _a80 pages
490 _aPenguin reader
505 _aOnline Learning materials: Answer Keys and Lesson Plans. With carefully adapted text, new illustrations, language practise activities and additional online resources, the Penguin Readers series introduces language learners to bestselling authors and compelling content. Titles include popular classics, exciting contemporary fiction, and thought-provoking non-fiction. The text is made up of sentences with up to three clauses, introducing more complex uses of present perfect simple, passives, phrasal verbs and simple relative clauses. It is well supported by illustrations, which appear regularly.
520 _aWith carefully adapted text, new illustrations, language practise activities and additional online resources, the Penguin Readers series introduces language learners to bestselling authors and compelling content. Titles include popular classics, exciting contemporary fiction, and thought-provoking non-fiction. It's Not Summer Without You, a Level 4 Reader, is A2+ in the CEFR framework. The text is made up of sentences with up to three clauses, introducing more complex uses of present perfect simple, passives, phrasal verbs and simple relative clauses. It is well supported by illustrations, which appear regularly. It’s Not Summer Without You is the second of three famous books about Belly and her feelings for Conrad and his brother, Jeremiah. Conrad is now at college, and he and Belly are dating. But, Susannah is very ill and Conrad loves his mother very much. Is this the right time for him and Belly?
650 _aReading comprehension
_922469
690 _aEnglish language - Textbooks for foreign speakers
856 _yExclusively with the print edition, readers can unlock online resources including a digital book, audio edition, lesson plans and answer keys.
942 _2lcc
999 _c4844
_d4844